Quizzes
Events
Quiz Creation
Community
Videos
Private Events
Remove Ads
Sign In
Join for FREE
Feedback
Dark Mode
Quiz Categories
Sports
Geography
Music
Movies
Television
Just For Fun
Miscellaneous
History
Literature
Language
Science
Gaming
Entertainment
Religion
Holiday
For Kids
Quiz Lab
Recent
Popular Today
Quiz Kudos Today
Editor Picks
Curator Picks
Quizzes by...
Day
Popularity
Type
Ratings
Length
Year
Community
Subscriptions
Recent Discussions
Orange Saloon
Badges
Playlists
Quests
Create
Leaderboards
Showdown
Live 5
Trivia Bingo
Activity
Puzzle Library
Sporcle Events
Private Events
Virtual Trivia
Globe League
Become a Host
Pub Owners
SporcleCon
Opinionation
Our Games
Videos
Blog
Mobile Apps
Partnerships
Remove Ads and Go Orange
Feedback
Music
Pop Music
The Beatles
Song
Album
Lyrics
Bands
Singers
Artist
Clip
Rock
Rap
Classical
Billboard
Country Music
Kpop
Taylor Swift
Music
Pop Music
The Beatles
Song
Album
Lyrics
Bands
Singers
Artist
Clip
Rock
Rap
Classical
Billboard
Country Music
Kpop
Taylor Swift
Random Quiz
Search Sporcle
×
Quiz Lab
Quiz Lab
Music
Disney
Type in answers that appear in a list
Type in answers that appear in a list
Classic
Best Score? Go Orange.
Figure Out the Disney Lyrics XXV Stats
Can you name the lyrics to this Disney song without hints?
By
vgamer456
8m
123 Questions
430 Plays
430 Plays
430 Plays
Comments
Comments
Give Quiz Kudos
Give Quiz Kudos
-
- Ratings
hide this ad
Replay
Link that replays current quiz
Next Quiz
Link to next quiz in quiz playlist
You Got
0%
They Got
Avg Score
49%
Avg Friend Score
Upgrade to see
Score Distribution
Jump to the score distribution portion of the page
Score
0/123
Timer
08:00
0
Plays Today
Lyrics
% Correct
and
98.6%
the
98.6%
the
98.6%
And
98.6%
the
98.6%
a
98.6%
I
96.3%
I
96.3%
I
96.3%
I
96.3%
you
87.9%
you
87.9%
do?
84%
do?
84%
on
81.9%
On
81.9%
on
81.9%
on
81.9%
What
80%
What
80%
What'll
78.8%
What'll
78.8%
They're
78.6%
They're
78.6%
their
77.9%
an
77%
an
77%
me
76.7%
too
76.3%
to
76.3%
in
75.6%
there
75.1%
Is
75.1%
Can
74.7%
When
72.1%
they
71.6%
your
68.8%
of
67.7%
Here
66.7%
here
66.7%
for
66.3%
Lyrics
% Correct
that
64.4%
are
62.8%
are
62.8%
I'm
62.1%
not
58.4%
at
57%
am
55.3%
Look
54.4%
Look
54.4%
Look
54.4%
Look
54.4%
look
54.4%
know
52.3%
but
51.9%
But
51.9%
out!
51.4%
out!
51.4%
out!
51.4%
out!
51.4%
come!
49.5%
everywhere
48.1%
'em
47%
'em
47%
or
43.3%
could
42.3%
elephants
34.7%
elephants
34.7%
elephants
34.7%
much
34.7%
elephants
34.7%
elephants!
34.7%
elephants!
34.7%
Pink
34.4%
Pink
34.4%
Pink
34.4%
Pink
34.4%
Pink
34.4%
Pink
34.4%
parade
33.5%
parade
33.5%
parade!
33.5%
Lyrics
% Correct
give
32.3%
around
30%
sight
25.8%
sight!
25.8%
head
25.6%
awful
25.1%
things
24.9%
things
24.9%
things
24.9%
really
24.7%
view!
24%
unusual
23.7%
away!
23.7%
away!
23.7%
stand
23.5%
fright!
23.5%
bed
22.8%
walking
21.9%
seeing
21.6%
worms
21.4%
germs
20.9%
pachyderms
20.9%
Technicolor
20.7%
microscopic
19.8%
need
19.8%
ain't
19.5%
type
19.1%
quaint
18.4%
faint
18.1%
odd
17.9%
afraid
17.4%
Hippety
17.2%
hoppety
17.2%
Chase
16.7%
Chase
16.7%
certainly
16.3%
braid
14.7%
aid
14.4%
Clippety
13.7%
cloppety
13.7%
Arrayed
12.1%
Quiz Playlist
Details
Report
Send in Message
Add To Playlist
Classic:
Type in answers that appear in a list
Last Updated: May 24, 2017
Quiz Scoreboard
CHALLENGE
Sign Up to Join the Scoreboard
Show All
Scores
Hide
Comments
May contain spoilers
Recently Published
An Introduction to Baseball
by treessimontrees
Sports
5m
Movies - When Are They Set?
by FPL_Elf
Movies
5m
Popular People in 1961
by mucciniale
History
6m
More to Explore
Quiz From the Vault
Featured Blog Post
Where Did the Easter Bunny Come From?
hide this ad
You Might Also Like...
Tags
Disney Quiz
Disney Lyrics
Figure Out the Lyrics
Today's Top Quizzes in Music
Browse Music
hide this ad
Today's Top Quizzes in Disney
Browse Disney
Top Contributed Quizzes in Music
1
Taylor Swift All Songs (2024)
2
Guess the Artist- 70s Songs
3
KPOP LOGIC QUIZ
4
One Thing in Common: Music
5
2010s Album by Cover III
6
Guess the Taylor Swift song (Mystery Song)
7
Taylor Swift Logic Puzzle
8
2010s Album by Cover IV
9
2010s Album by Cover V
10
Kpop Logic Quiz
Explore More
Trending Topics
Harry Potter
Anime
Marvel
Crossword
NBA
Kpop
Disney
Country
Song
Pokémon
The Office
Puzzle
NFL
WWE
Soccer
hide this ad
More By:
vgamer456
Quiz
Plays
Rating
Category
Featured
Created
Ways to Be Wicked Lyrics
2,301
3.20
Music
Jun 26, 2017
Rotten to the Core Lyrics
2,093
3.63
Television
Mar 15, 2016
Figure Out the Disney Lyrics XXXVIII
1,477
2.55
Music
Oct 6, 2017
Figure Out the Disney Lyrics XXIX
1,111
1.38
Music
Nov 27, 2015
Figure Out the Disney Lyrics XXVI
994
2.88
Music
Apr 6, 2015
Go to Creator's Profile
Score Distribution
Quiz Creator Spotlight
vgamer456
Follow
Send a Message
Quizzes Created
-
Created Quiz Play Count
-
More By This Creator
Popular Quizzes Today
1
Find the Countries of Europe - No Outlines Minefield
2
Find the US States - No Outlines Minefield
3
The Countries of the World
4
Popular People in 1961
5
US States
6
Find the US States
7
1-10 Letter E Words III
8
Risky Map Clicking: Biggest States A-Z
More Music Quizzes
find NCT members by pictures
Quiz Lab
Trending Quizzes
Risky Map Clicking: Least Populous States A-Z
1-10 Letter F Words
1-10 Letter G Words
One Thing in Common: United Kingdom
Not Quite an Element Typing Challenge
Recently Updated
Leaping Animals
pecheneg
Reality TV Shows (A-Z)
bhenderson79
Rickey Henderson's Hall of Fame Teammates
pecheneg
Champions League XIs: Arsenal
pecheneg
Quick Pick: Celebrities in WWE's Hall of Fame
aduchscher
A-Z Keypad Blitz II
pecheneg
Multiple Oscar Actors
pecheneg
Mystery Phrase Blitz: Oscar 'Best Actors'
pecheneg
F. Scott Fitzgerald Novels
LTH
Pick 3 Villains
ddd62291
Trending Topics
Marvel
Kpop
Harry Potter
NBA
Anime
Disney
Crossword
Soccer
Puzzle
Pokémon
Country
Song
WWE
The Office
NFL
Your Account Isn't Verified!
In order to create a playlist on Sporcle, you need to verify the email address you used during registration. Go to your
Sporcle Settings
to finish the process.
Report this User
Report this user for behavior that violates our
Community Guidelines
.
Details:
Send Report
Go to the Sporcle.com Mobile Site →
Comments